|
|
|
|
| LEADER |
00000nab a2200000 ar4500 |
| 001 |
vtls010282761 |
| 003 |
SK-MaSNL |
| 005 |
20260319070746.0 |
| 008 |
110601c2011 xo |||||||| 000 b|hun |
| 015 |
|
|
|a SNBRB2011/05
|2 snkbucl
|
| 038 |
|
|
|a SNKBUCL
|
| 040 |
|
|
|a DSZK
|b slo
|c DSZK
|e AACR2
|
| 041 |
0 |
|
|a hun
|
| 044 |
|
|
|a xo
|c SK
|
| 080 |
|
|
|a 82:061.7:06.063:808.54
|x (=511.141)
|x (437.6)
|2 2001
|
| 080 |
|
|
|a 808.54:061.7
|x (=511.141)
|x (437.6)
|2 2001
|
| 080 |
|
|
|a 792.2:808.54:061.7
|x (=511.141)
|x (437.6)
|2 2001
|
| 100 |
1 |
|
|a Gönczi, Ivor,
|d 1969-
|4 aut
|9 866780
|
| 245 |
1 |
0 |
|a Túl egy újabb nevezetes évfordulón
|c Gönczi Ivor
|
| 300 |
|
|
|b Fotogr.
|
| 500 |
|
|
|a Obsahuje zoznam ocenených
|
| 611 |
2 |
7 |
|a Celoštátna prehliadka recitátorov Mihálya Tompu
|n (20. :
|d 2011 :
|c Rimavská Sobota, Slovensko)
|2 snkbucl
|9 1085525
|
| 648 |
|
7 |
|a 2011
|2 snkbucl
|9 328311
|
| 650 |
0 |
7 |
|a amatérsky umelecký prednes
|2 SNKPH
|9 84977
|
| 650 |
0 |
7 |
|a divadlo poézie
|2 SNKPH
|9 27022
|
| 651 |
|
7 |
|a Rimavská Sobota (Slovensko)
|2 SNKPHgeo
|9 28655
|
| 773 |
0 |
|
|t Szabad újság
|g Évf. XIX, sz. 19 (2011), o. 25
|x 1335-6631
|
| 852 |
|
|
|a SNK
|b KIS3GCP
|
| 852 |
|
|
|a DSZK
|b KIS3GCP
|
| 958 |
|
|
|a HU
|
| 958 |
|
|
|a SK
|
| 958 |
|
|
|a LX
|
| 999 |
|
|
|c 1785813
|d 1787743
|